|
|
|
|
| LEADER |
00838nta a2200205 i 4500 |
| 001 |
dipl113621 |
| 005 |
20210504090556.0 |
| 008 |
210422s1998 hu om 0|| zxx d |
| 040 |
|
|
|a SZTE Diploma Repozitórium
|b hun
|
| 041 |
|
|
|a zxx
|
| 100 |
2 |
|
|a Gémesné Deák Etelka
|
| 245 |
1 |
2 |
|a A kiskunsági homokbuckák árnyékában. Fülöpháza társadalomföldrajzának természeti, történelmi alapjai, a település jövőbeni perspektívái
|h [elektronikus dokumentum] /
|c Etelka Gémesné Deák
|
| 260 |
|
|
|c 1998
|
| 650 |
|
4 |
|a Pedagógusképzés
|
| 650 |
|
4 |
|a Social sciences
|
| 650 |
|
4 |
|a Social and economic geography
|
| 650 |
|
4 |
|a Environmental sciences (social aspects)
|
| 700 |
0 |
1 |
|a Pál Ágnes
|e ths
|
| 700 |
0 |
1 |
|a Pál Viktor
|e ths
|
| 856 |
4 |
0 |
|u https://diploma.bibl.u-szeged.hu/id/eprint/113621/1/1998_gemesne_deak_etelka.pdf
|z Dokumentum-elérés
|